000 00207 a2200097 4500
001 1348
100 _aMachinery pubs
245 _aSpark Machining No 46
260 _a
_bMachinery pubs.
_c
090 _c900
_d900
942 _aNUST-CAE
_c
_c35823
999 _c236421
_d236421